La gravedad de tu silencio (Record no. 116403)

MARC details
000 -LEADER
campo de control de longitud fija 00625nam a2200205 4500
001 - NÚMERO DE CONTROL
campo de control 116403
003 - IDENTIFICADOR DE NÚMERO DE CONTROL
campo de control ES-MaACL
005 - FECHA Y HORA DE LA ÚLTIMA TRANSACCIÓN
campo de control 20230906190711.0
007 - CAMPO FIJO DE DESCRIPCIÓN FÍSICA--INFORMACIÓN GENERAL
campo de control de longitud fija t|
008 - DATOS DE LONGITUD FIJA--INFORMACIÓN GENERAL
campo de control de longitud fija 061121s1973 sp r ||||1| spa d
100 1# - ENTRADA PRINCIPAL--NOMBRE DE PERSONA
Nombre de persona Parra, Gregorio.
9 (RLIN) 89228
245 13 - MENCIÓN DEL TÍTULO
Título La gravedad de tu silencio
Resto del título : poemas /
Mención de responsabilidad, etc. Gregorio Parra.
260 ## - PUBLICACIÓN, DISTRIBUCIÓN, ETC.
Lugar de publicación, distribución, etc. Barcelona :
Nombre del editor, distribuidor, etc. [s.n.[,
Fecha de publicación, distribución, etc. 1973 (
Fabricante Vda. de Juan Sabater Bros)
300 ## - DESCRIPCIÓN FÍSICA
Extensión 47 p. ;
Dimensiones 24 cm.
490 1# - MENCIÓN DE SERIE
Mención de serie vilano al viento ;
Designación de volumen o secuencia 1
830 0# - PUNTO DE ACCESO ADICIONAL DE SERIE-TÍTULO UNIFORME
Título uniforme vilano al viento ;
Designación de volumen o secuencia 1
9 (RLIN) 233307
852 ## - LOCALIZACIÓN
Ubicación ES-MaACL
Número de control de estantería 2083-F-37
Sublocalización o colección R.87077
852 ## - LOCALIZACIÓN
Ubicación ES-MaACL
Número de control de estantería 2083-F-35
Sublocalización o colección R.87453
Holdings
Estatus retirado Estado de pérdida Estado de daño No para préstamo Colección Biblioteca de origen Biblioteca actual Ubicación en estantería Fecha de adquisición Fuente de adquisición Total de préstamos Signatura topográfica completa Código de barras Visto por última vez Precio de reemplazo Tipo de ítem Koha
        Colección de folletos Biblioteca del Ateneo de Madrid Biblioteca del Ateneo de Madrid Depósito folletos 17/01/2008     2083-F-35 1121382 23/02/2023 23/02/2023 Folleto
        Colección de folletos Biblioteca del Ateneo de Madrid Biblioteca del Ateneo de Madrid Depósito folletos 17/01/2008     2083-F-37 1121381 23/02/2023 23/02/2023 Folleto